Định hướng phát triển nền kinh tế thị trường ở Việt Nam Sách chuyên khảo

שמור ב:
מידע ביבליוגרפי
מחבר ראשי: Phạm, Văn Dũng
פורמט: ספר
יצא לאור: Hà Nội Đại học quốc gia 2010
נושאים:
תגים: הוספת תג
אין תגיות, היה/י הראשונ/ה לתייג את הרשומה!
Thư viện lưu trữ: Trung tâm Học liệu Lê Vũ Hùng, Trường Đại học Đồng Tháp
LEADER 00904pam a22002898a 4500
001 00037131
005 20171026081023.0
008 170503s2010 ||||||Viesd
020 # # |c 60000  |a 9786046202431 
041 0 # |a Vie 
082 1 4 |a 330.959 7  |b Đ312H 
100 0 # |a Phạm, Văn Dũng 
245 0 0 |a Định hướng phát triển nền kinh tế thị trường ở Việt Nam  |c Phạm Văn Dũng  |b Sách chuyên khảo 
260 # # |a Hà Nội  |b Đại học quốc gia  |c 2010 
300 # # |a 221tr.  |c 27 cm. 
653 # # |a Kinh tế 
653 # # |a Thị trường 
653 # # |a Việt Nam 
653 # # |a Định hướng 
852 # # |b Kho đọc  |j KD.0019960 
852 # # |j KD.0019960  |j KM.0025891 
910 0 # |d 03/05/2017 
980 # # |a Trung tâm Học liệu Lê Vũ Hùng, Trường Đại học Đồng Tháp